[Event "CRO-ch U17"]
[Site "Vinkovci"]
[Date "2016.07.28"]
[Round "5"]
[White "Saravanja, Matija"]
[Black "Leskovar, Viktor"]
[Result "1/2-1/2"]
[WhiteElo "1779"]
[BlackElo "1894"]
[PlyCount "136"]
[EventDate "2016.07.25"]
[EventType "swiss"]
[EventRounds "9"]
[EventCountry "CRO"]
[SourceTitle "CBM 173 Extra"]
[Source "ChessBase"]
[SourceDate "2016.08.29"]
[SourceVersion "1"]
[SourceVersionDate "2016.08.29"]
[SourceQuality "1"]

1. e4 c5 2. Nf3 d6 3. d4 cxd4 4. Nxd4 Nf6 5. Nc3 a6 6. Be3 e5 7. Nb3 Be6 8. Qd2 Be7 9. f3 Nbd7 10. 0-0-0 0-0 11. g4 Qc7 12. g5 Nh5 13. Rg1 Rfc8 14. Nd5 Bxd5 15. exd5 Nb6 16. Rg2 Nc4 17. Bxc4 Qxc4 18. Rg4 Qc7 19. h4 a5 20. Qd3 b5 21. Kb1 Qb7 22. Nd2 Rc7 23. f4 Rac8 24. f5 Rxc2 25. f6 Bd8 26. Ne4 Qd7 27. Rgg1 R2c4 28. fxg7 Be7 29. Rdf1 Qh3 30. Rxf7 Kxf7 31. Nxd6+ Kg8 32. Nxc8 Rxc8 33. d6 Qd7 34. Qd5+ Kxg7 35. Qxe5+ Kg8 36. Qxe7 Qxe7 37. dxe7 Kf7 38. Re1 Kxe7 39. Bb6+ Kd7 40. Bxa5 Rc4 41. Re5 b4 42. Rb5 Rxh4 43. Rxb4 Nf4 44. Rd4+ Kc6 45. Bd2 Rh1+ 46. Kc2 Ne6 47. Rc4+ Kd5 48. Rg4 Nd4+ 49. Kd3 Rh3+ 50. Be3 Nf5 51. Re4 Rg3 52. b4 Nxe3 53. Rxe3 Rxg5 54. Rh3 h5 55. a4 Kc6 56. Kc3 Kb6 57. Kb3 Kc6 58. Ka3 Kb6 59. a5+ Kb5 60. Kb3 Rf5 61. Kc3 Rg5 62. Kb3 Rf5 63. Kc3 Rg5 64. Kb3 Rf5 65. Ka3 Rg5 66. Kb3 Rf5 67. Rh4 Rf3+ 68. Kc2 Rf5 1/2-1/2

[Event "EU-ch U16 25th"]
[Site "Porec"]
[Date "2015.09.27"]
[Round "6"]
[White "Plaza Reino, Agustin"]
[Black "Saravanja, Matija"]
[Result "1/2-1/2"]
[WhiteElo "1544"]
[BlackElo "1795"]
[PlyCount "88"]
[EventDate "2015.09.21"]
[EventType "swiss"]
[EventRounds "9"]
[EventCountry "CRO"]
[SourceTitle "EXT 2016"]
[Source "ChessBase"]
[SourceDate "2015.10.08"]
[SourceVersion "1"]
[SourceVersionDate "2015.10.08"]
[SourceQuality "1"]

1. e4 c5 2. Nf3 d6 3. d4 cxd4 4. Nxd4 Nf6 5. Nc3 g6 6. Bc4 Bg7 7. 0-0 0-0 8. Re1 Nc6 9. Nb3 Bd7 10. Bf1 Rc8 11. Nd5 Ne5 12. h3 b5 13. Nd4 a6 14. a4 Nxd5 15. exd5 Qb6 16. Be3 Qb7 17. axb5 axb5 18. Nb3 Ra8 19. Na5 Qc7 20. Qd2 Rfc8 21. f4 Nc4 22. Nxc4 bxc4 23. Bd4 Bxd4+ 24. Qxd4 Rxa1 25. Rxa1 Qc5 26. Qxc5 Rxc5 27. Rd1 Bf5 28. Rd4 c3 29. b4 Rc7 30. Bd3 Bxd3 31. Rxd3 Rc4 32. g3 Kg7 33. Kf2 Rxb4 34. Rxc3 Rd4 35. Rd3 Rxd3 36. cxd3 Kf6 37. Ke3 h5 38. Ke4 e6 39. d4 Ke7 40. dxe6 fxe6 41. g4 hxg4 42. hxg4 Kf6 43. d5 Ke7 44. dxe6 Kxe6 1/2-1/2

[Event "EU-ch U16 25th"]
[Site "Porec"]
[Date "2015.09.21"]
[Round "1"]
[White "Naghdiyev, Niyazi Siyavush"]
[Black "Saravanja, Matija"]
[Result "1-0"]
[WhiteElo "2216"]
[BlackElo "1795"]
[PlyCount "125"]
[EventDate "2015.09.21"]
[EventType "swiss"]
[EventRounds "9"]
[EventCountry "CRO"]
[SourceTitle "EXT 2016"]
[Source "ChessBase"]
[SourceDate "2015.10.08"]
[SourceVersion "1"]
[SourceVersionDate "2015.10.08"]
[SourceQuality "1"]

1. d4 d5 2. c4 e6 3. Nc3 Be7 4. Nf3 Nf6 5. Bg5 h6 6. Bxf6 Bxf6 7. e3 0-0 8. Rc1 c6 9. Bd3 Nd7 10. 0-0 dxc4 11. Bxc4 e5 12. Ne4 exd4 13. Nxf6+ Qxf6 14. Qxd4 Qxd4 15. Nxd4 Nb6 16. Bb3 Bg4 17. f3 Bh5 18. Rfd1 Bg6 19. e4 Rfe8 20. Kf2 Kf8 21. g4 Rad8 22. h4 Rd7 23. h5 Bxe4 24. fxe4 Rxe4 25. Nf3 Rxg4 26. Rxd7 Nxd7 27. Rd1 Nc5 28. Bxf7 Rb4 29. Bg6 Rxb2+ 30. Kg3 Ke7 31. Rd2 Rb4 32. Re2+ Kf6 33. Nh2 Nd7 34. Rf2+ Ke5 35. Rf7 Nf6 36. Rxg7 Ra4 37. Re7+ Kd5 38. Rxb7 Kd6 39. Rf7 Ke6 40. Rg7 Kd6 41. Rf7 Ke6 42. Rb7 Kd6 43. Bf7 Ne4+ 44. Kg2 c5 45. Bb3 Ra6 46. Rh7 Ke5 47. Ng4+ Kf4 48. Rxh6 Rxh6 49. Nxh6 Nf6 50. Bd1 c4 51. Kf2 c3 52. Ke2 Ke4 53. Bc2+ Kd4 54. Nf5+ Kc4 55. h6 a5 56. a3 Kc5 57. Ne3 Kb5 58. Ng4 Nh7 59. Bxh7 Ka4 60. Bc2+ Kxa3 61. h7 a4 62. h8Q Kb2 63. Kd1 1-0

[Event "CRO-ch U15"]
[Site "Kastel Stafilic"]
[Date "2014.06.25"]
[Round "6"]
[White "Males, Marin"]
[Black "Saravanja, Matija"]
[Result "1/2-1/2"]
[WhiteElo "1557"]
[BlackElo "1622"]
[PlyCount "66"]
[EventDate "2014.06.22"]
[EventType "swiss"]
[EventRounds "9"]
[EventCountry "CRO"]
[SourceTitle "CBM 161 Extra"]
[Source "ChessBase"]
[SourceDate "2014.08.29"]
[SourceVersion "1"]
[SourceVersionDate "2014.08.29"]
[SourceQuality "1"]

1. e4 c5 2. Nf3 d6 3. c4 Nf6 4. Nc3 Nc6 5. h3 e5 6. Be2 Be7 7. 0-0 0-0 8. d3 h6 9. Nh2 Nh7 10. f4 f5 11. fxe5 dxe5 12. Nf3 f4 13. b3 Ng5 14. Bb2 Nxf3+ 15. Bxf3 Nd4 16. Nd5 Bd6 17. Bxd4 exd4 18. Bg4 Qg5 19. Bxc8 Raxc8 20. Qf3 Rf7 21. a3 Qg3 22. Qxg3 fxg3 23. Rxf7 Kxf7 24. Rf1+ Ke6 25. Rf5 Rf8 26. Rxf8 Bxf8 27. Kf1 Bd6 28. Ke2 g5 29. Kf3 h5 30. b4 b6 31. b5 Kf7 32. a4 Ke6 33. Ke2 Kf7 1/2-1/2

[Event "CRO-ch U13"]
[Site "Split"]
[Date "2013.06.22"]
[Round "3"]
[White "Saravanja, Matija"]
[Black "Tomulic, Teo"]
[Result "0-1"]
[WhiteElo "1594"]
[BlackElo "1783"]
[PlyCount "56"]
[EventDate "2013.06.21"]
[EventType "swiss"]
[EventRounds "9"]
[EventCountry "CRO"]
[SourceTitle "EXT 2014"]
[Source "ChessBase"]
[SourceDate "2013.11.20"]
[SourceVersion "1"]
[SourceVersionDate "2013.11.20"]
[SourceQuality "1"]

1. e4 c5 2. Nf3 e6 3. d4 cxd4 4. Nxd4 a6 5. Bd3 Qc7 6. 0-0 Nf6 7. Qe2 Bd6 8. h3 0-0 9. Kh1 Nc6 10. Nb3 e5 11. Nc3 b5 12. a3 Bb7 13. Bg5 Be7 14. Qf3 Nd4 15. Qe3 Nxb3 16. cxb3 h6 17. Bxf6 Bxf6 18. Qe2 Rac8 19. Rac1 Bg5 20. Rc2 Qb6 21. b4 d6 22. g3 f5 23. h4 Be7 24. Kh2 f4 25. Nd1 Rxc2 26. Bxc2 Qd8 27. Bd3 Bxh4 28. gxh4 Qxh4+ 0-1

[Event "CRO-chT4 South"]
[Site "Zadar"]
[Date "2013.05.19"]
[Round "4.6"]
[White "Saravanja, Matija"]
[Black "Juras, Rudi"]
[Result "0-1"]
[WhiteElo "1585"]
[BlackElo "1946"]
[PlyCount "82"]
[EventDate "2013.04.28"]
[EventType "team-tourn"]
[EventRounds "7"]
[EventCountry "CRO"]
[SourceTitle "EXT 2014"]
[Source "ChessBase"]
[SourceDate "2013.11.20"]
[SourceVersion "1"]
[SourceVersionDate "2013.11.20"]
[SourceQuality "1"]
[WhiteTeam "Bibinje Goran II"]
[BlackTeam "Zadar II"]
[WhiteTeamCountry "CRO"]
[BlackTeamCountry "CRO"]

1. e4 e5 2. Nf3 Nf6 3. Nc3 Nc6 4. Bc4 Nxe4 5. Bxf7+ Kxf7 6. Nxe4 d5 7. Nc3 e4 8. Ng1 g6 9. d3 Bb4 10. Nge2 Bg4 11. 0-0 Kg7 12. h3 Bxe2 13. Nxe2 Rf8 14. Nf4 Re8 15. a3 Bc5 16. c3 d4 17. dxe4 Rxe4 18. cxd4 Qxd4 19. Qxd4+ Nxd4 20. Nd3 Bb6 21. Bd2 Ne2+ 22. Kh2 Rd8 23. Rad1 Rxd3 24. Bh6+ Kxh6 25. Rxd3 Nd4 26. Rfd1 c5 27. R1d2 Bc7+ 28. g3 Bd6 29. Kg2 Kg5 30. h4+ Kf5 31. f3 Re7 32. b4 b6 33. bxc5 bxc5 34. Rb2 Rc7 35. Rb8 Ke6 36. Kf2 Kd5 37. Rb1 c4 38. Rc3 Bc5 39. Ke1 Bb6 40. Kd1 Ba5 41. Rcc1 Re7 0-1

[Event "CRO-chT4 South"]
[Site "Zadar"]
[Date "2013.05.12"]
[Round "3.6"]
[White "Males, Marin"]
[Black "Saravanja, Matija"]
[Result "1-0"]
[WhiteElo "1694"]
[BlackElo "1585"]
[PlyCount "121"]
[EventDate "2013.04.28"]
[EventType "team-tourn"]
[EventRounds "7"]
[EventCountry "CRO"]
[SourceTitle "EXT 2014"]
[Source "ChessBase"]
[SourceDate "2013.11.20"]
[SourceVersion "1"]
[SourceVersionDate "2013.11.20"]
[SourceQuality "1"]
[WhiteTeam "Mravince III"]
[BlackTeam "Bibinje Goran II"]
[WhiteTeamCountry "CRO"]
[BlackTeamCountry "CRO"]

1. e4 c5 2. Nf3 d6 3. d4 cxd4 4. Nxd4 Nf6 5. Nc3 g6 6. Bb5+ Bd7 7. Bxd7+ Qxd7 8. 0-0 Bg7 9. Re1 0-0 10. Bg5 Nc6 11. Nxc6 bxc6 12. e5 dxe5 13. Qxd7 Nxd7 14. Bxe7 Rfe8 15. Bh4 Rab8 16. Rad1 Nc5 17. b3 f6 18. Rd6 Re6 19. Red1 g5 20. Bg3 Bf8 21. Rxe6 Nxe6 22. f3 Rd8 23. Rxd8 Nxd8 24. Bf2 a6 25. Ne4 Kf7 26. Bc5 Bxc5+ 27. Nxc5 a5 28. Kf2 Ke7 29. Ke3 Kd6 30. Ne4+ Ke6 31. Kd3 h6 32. Kc4 f5 33. Nc5+ Kd6 34. g4 f4 35. Ne4+ Kc7 36. Nf6 Nb7 37. Ng8 Nd6+ 38. Kc5 Nf7 39. Nf6 Nd6 40. a3 e4 41. Kd4 e3 42. Kd3 Kb6 43. c4 Ka6 44. Ng8 a4 45. bxa4 Nxc4 46. Nxh6 Nb2+ 47. Ke2 Nxa4 48. Nf7 c5 49. Nxg5 Nb6 50. Ne6 Nd5 51. Nxc5+ Kb5 52. Ne4 Ka4 53. h4 Kxa3 54. h5 Ne7 55. g5 Kb4 56. g6 Ng8 57. g7 Kc4 58. Nf6 Nxf6 59. h6 Kd5 60. h7 Nxh7 61. g8Q+ 1-0